00928nam a2200205Ia 4500008004100000020002200041050002200063100002300085240002700108245019800135250001500333260002200348300001100370500002100381630007900402650005400481700005900535952011100594999001700705121028s9999 xx 000 0 und d a978-968-26-1184-1 aHD41 P6718 2008 aPorter, Michael E. aEstrategia competitiva aEstrategia competitiva : técnicas para el análisis de los sectores industriales y de la competencia / Michael E. Porter ; traducción Alfonso Vasseur Walls ; revisión Miguel León Garza a38a reimp. aMéxico : Patria a396 p. aIncluye índice aCompetitive estrategy: techniques for analyzing industries and competitors aCompetencia Industrias - Administración  aVasseur Walls, Alfonso León Garza, Miguel Ì 00104070a14b14d2010-10-09l1oHD41 P6718 2008p14 003200r2014-07-25s2014-07-09t1w2012-10-28yLB c85607d85607